00626cam a2200181 a 4500008004100000020001800041025002300059040001300082082001100095100001700106245007600123260004700199300002600246504006600272650002700338650004000365651003900405100407s2010 pk b 001 0 eng  a9780195477313 aP-E-2010340633; 28 aDLCcDLC 2954.911 aNiaz, Ilhan.14aThe culture of power and governance of Pakistan 1947-2008 cIlhan Niaz. aKarachi :bOxford University Press,c2010. axiv, 320 p. ;c23 cm. aIncludes bibliographical references (p. [291]-312) and index. 0aBureaucracyzPakistan. 0aCivil-military relationszPakistan. 0aPakistanxPolitics and government.